[Event "Ozieri op 13th"]
[Site "Ozieri"]
[Date "2014.08.01"]
[Round "3"]
[White "Pisano, Claudio"]
[Black "Saba, Davide"]
[Result "1-0"]
[WhiteElo "1628"]
[BlackElo "1350"]
[PlyCount "103"]
[EventDate "2014.07.31"]
[EventType "swiss"]
[EventRounds "7"]
[EventCountry "ITA"]
[SourceTitle "EXT 2016"]
[Source "ChessBase"]
[SourceDate "2015.10.08"]
[SourceVersion "1"]
[SourceVersionDate "2015.10.08"]
[SourceQuality "1"]

1. e4 e5 2. Nf3 Nc6 3. Bc4 Nh6 4. d3 Bc5 5. Nc3 Ng4 6. 0-0 Nd4 7. Nxd4 Bxd4 8. Qxg4 d5 9. Qxg7 Rf8 10. exd5 Qh4 11. Qg3 Qf6 12. Bg5 Qg6 13. Rae1 f6 14. Be3 c5 15. Qxg6+ hxg6 16. Bxd4 cxd4 17. Nb5 Kd7 18. Re4 g5 19. c3 a6 20. Na3 b5 21. Bb3 Kd6 22. cxd4 Bf5 23. dxe5+ fxe5 24. Re3 Rfe8 25. Rfe1 Rac8 26. d4 e4 27. Nb1 a5 28. Nd2 a4 29. Bd1 Kxd5 30. Nf3 Rg8 31. Nd2 Rge8 32. b3 Kxd4 33. bxa4 bxa4 34. Bxa4 Re7 35. Nb3+ Kd5 36. Rd1+ Kc4 37. Rc1+ Kb4 38. Rxc8 Bxc8 39. Bc6 Ka3 40. Rxe4 Be6 41. Nd4 Kxa2 42. Rxe6 Ra7 43. Re2+ Kb1 44. Re1+ Kb2 45. g3 Ra6 46. h4 gxh4 47. gxh4 Ra4 48. Bxa4 Kc3 49. h5 Kxd4 50. h6 Kc5 51. h7 Kb4 52. h8R 1-0